| 000 | 00970nam a22002537a 4500 | ||
|---|---|---|---|
| 008 | 130821s1965 it gr dita | ||
| 040 |
_aCo-BoUCM _bspa |
||
| 041 | 0 | 0 | _aita |
| 092 | _aFM 000185 | ||
| 100 |
_aNegri Arnoldi, Francesco _9123938 |
||
| 245 | 0 | 0 |
_aPerugino _cFrancesco Negri Arnoldi |
| 260 |
_aMilán (Italia) _bFratelli Fabbri Editori _c1965 |
||
| 300 | _a24 páginas | ||
| 490 | _aI Maestri del Colore; 68 | ||
| 500 | _aIncluye índice. -- Este libro se encuentra en el depósito de la biblioteca) | ||
| 600 |
_aPerugino _cSeud. Pietro Di Cristoforo Vannucci _d1448-1523 _9123939 |
||
| 600 |
_aPerugino _cSeud. Pietro Di Cristoforo Vannucci _d1448-1523 _vBiografías _9123940 |
||
| 600 |
_aPerugino _cSeud. Pietro Di Cristoforo Vannucci _d1448-1523 _xTrabajos pictóricos _9123941 |
||
| 650 | 0 | 4 |
_aBiografías _97343 |
| 650 | 0 | 4 |
_aPintores italianos _921517 |
| 650 | 0 | 4 |
_aPintura italiana _921556 |
| 650 | 0 | 4 |
_aPinturas _921575 |
| 942 |
_cLIBRO _a27 _e1 _n0 |
||
| 999 |
_c84987 _d84987 |
||